000 00600nam a2200193 i 4500
001 78166
003 ES-MaACL
005 20230906173554.0
007 t|
008 041011s1970 mx ||||1| spa d
100 1 _aHansen, Alvin Harvey.
_961759
245 1 0 _aGuía de Keynes /
_cAlvin H. Hansen ; [traducción de Carlos Silva].
250 _a[1ª ed., 5ª reimp.].
260 _aMéxico :
_bFondo de Cultura Económica,
_c[1970]
300 _a205 p. ;
_c21 cm.
600 1 4 _aKeynes, John Maynard (
_d1883-1946)
_967979
700 1 _aSilva, Carlos.
_9106360
852 _aES-MaACL
_jE-6817
_bR.91422
999 _c78166
_d78166